| 000 | 00514nam a2200181 4500 | ||
|---|---|---|---|
| 003 | SEACOMEC | ||
| 005 | 20240416122617.0 | ||
| 008 | 231006b |||||||| |||| 00| 0 eng d | ||
| 040 | _aSEACOMEC | ||
| 082 |
_a005.453 _bC776 |
||
| 100 | 1 | _aCooper, Keith D. | |
| 245 | 1 |
_aEngineering a Computer _c Keith D. Cooper and Linda Torezon |
|
| 260 |
_aNew Delhi _bElsevier _c2004 |
||
| 650 | _aComputer programming, programs, data | ||
| 650 | _aSystems programming and programs | ||
| 700 | 1 | _aTorezon, Linda | |
| 942 | _cBOOK | ||
| 999 |
_c157 _d157 |
||